Страны и народы; Зарубежная Азия. Восточная и Центральная Азия: научно-популярное географо-этнографическое издание в 20 томах

Podrobná bibliografie
Další autoři: Бромлей Ю. В. Юлиан Владимирович (редактор), Сладковский М. И.
Shrnutí:Авт. указаны в конце кн.
Jazyk:ruština
Vydáno: Москва, Мысль, 1982
Témata:
Médium: MixedMaterials Kniha
KOHA link:https://koha.lib.tpu.ru/cgi-bin/koha/opac-detail.pl?biblionumber=299410

MARC

LEADER 00000nam0a2200000 4500
001 299410
005 20231102001212.0
020 |a RU  |b 83-13816 
035 |a (RuTPU)RU\TPU\book\324562 
090 |a 299410 
100 |a 20150629d1982 km y0rusy5003 ca 
101 0 |a rus 
102 |a RU 
105 |a a z 001zy 
200 1 |a Страны и народы  |a Зарубежная Азия. Восточная и Центральная Азия  |e научно-популярное географо-этнографическое издание в 20 томах  |f под ред. Ю. В. Бромлей, М. И. Сладковского 
210 |a Москва  |c Мысль  |d 1982 
215 |a 285 с.  |c ил. 
300 |a Авт. указаны в конце кн. 
606 1 |a География  |2 stltpush  |3 (RuTPU)RU\TPU\subj\5918  |9 33902 
610 1 |a этнография 
610 1 |a Азия 
610 1 |a страны 
610 1 |a народы 
610 1 |a Восточная Азия 
610 1 |a Центральная Азия 
610 1 |a природа 
610 1 |a население 
675 |a 91  |z rus 
702 1 |a Бромлей  |b Ю. В.  |g Юлиан Владимирович  |4 340 
702 1 |a Сладковский  |b М. И.  |4 340 
801 0 |a RU  |b RuMRKP  |c 19950704  |g psbo 
801 1 |a RU  |b 63413507  |c 20150629 
801 2 |a RU  |b 63413507  |c 20180604  |g RCR 
942 |c BK